Radiohead Lyrics - No Hints #16 - Statistics

General Stats
  • This quiz has been taken 98 times
  • The average score is 40 of 114
Answer Stats
Answer % Correct
a
96%
You
83%
you
83%
the
78%
it
53%
it,
53%
can
48%
is
45%
is,
45%
not
43%
but
32%
But
32%
Why
32%
will
31%
of
30%
can't
27%
all
26%
All
26%
it's
25%
Everything
21%
everything
21%
as
19%
come
19%
from
17%
Everyone
16%
everyone
16%
stay
16%
broken
14%
forget?
13%
here
13%
bone
12%
break
12%
force
12%
walk
12%
rules
10%
dry
9%
home
9%
school
9%
still
9%
straight
9%
crush
8%
kiss
8%
stone
8%
taste
8%
always
6%
Chasing
6%
near
6%
form
4%
Saying
3%
No matching quizzes found
Score Distribution
Percent of People with Each Score
Percentile by Number Answered
Your Score History
You have not taken this quiz